|
|
|
|
| LEADER |
00937nam a2200277 a 4500 |
| 001 |
30138 |
| 003 |
BD-DhAAL |
| 005 |
20151101153359.0 |
| 008 |
151101s2008 ii a j 000 0 eng |
| 010 |
|
|
|a 2008306773
|
| 020 |
|
|
|a 9788187108313
|
| 020 |
|
|
|a 8187108312
|
| 040 |
|
|
|a DLC
|c DLC
|d BD-DhAAL
|
| 050 |
0 |
0 |
|a BL1220
|b .K7363 2008
|
| 082 |
|
|
|2 22
|a 428.6
|
| 245 |
0 |
0 |
|a Krishna, the adorable God.
|
| 260 |
|
|
|a New Delhi :
|b Om Books International,
|c c2008.
|
| 300 |
|
|
|a 79 p. :
|b col. ill. ;
|c 24 cm.
|
| 490 |
0 |
|
|a Large print
|
| 500 |
|
|
|a For children.
|
| 541 |
|
|
|e 30138
|
| 650 |
|
0 |
|a Readers
|x Juvenile literature
|9 15887
|
| 650 |
|
0 |
|a Krishna (Hindu deity)
|z Juvenile literature.
|9 15888
|
| 942 |
|
|
|2 ddc
|c BK
|
| 999 |
|
|
|c 35990
|d 35990
|
| 952 |
|
|
|0 0
|1 0
|2 ddc
|4 0
|6 428_600000000000000_KRI
|7 0
|9 56550
|a BRACUL
|b BRACUL
|c GEN
|d 2015-11-01
|e BIL
|l 0
|o 428.6 KRI
|p 3010030138
|r 2015-11-01
|t 1
|w 2015-11-01
|y BK
|x Transferred from BIL to BRACUL on 06/06/22
|